000 00876nam a2200229Ia 4500
005 20250108125012.0
008 008 250107s9999 xx 000 0 hin d
020 _a978-81-7476-591-8
037 _aTB
040 _aCRL
_bhin
_cCRL
041 _ahin
_2hin
084 _aB2693P,1 R2
084 _qCRL
100 _aसरस्वती, बुद्धानन्द, ले.
245 0 _aमूलबन्ध: अनन्त रहस्यों की कुंजी
_cसरस्वती, बुद्धानन्द, ले.
260 _aबिहार, भारत
_bयोग पब्लिकेशन ट्रस्ट
_c2956
300 _a112पृ0
365 _aINR
_b400
650 _aआध्यात्मिक अनुभव और रहस्यवाद
942 _cTB
_hB2693P,1 R2
999 _c1235344
_d1235344